Disney Movies Without Vowels #1 - Statistics

General Stats
  • This quiz has been taken 118 times
  • The average score is 12 of 15
Answer Stats
Without Vowels With Vowels % Correct
Snw Wht Nd Th Svn Dwrfs Snow White And The Seven Dwarfs
100%
Bmb Bambi
98%
Frzn Frozen
98%
Rbn Hd Robin Hood
98%
Trzn Tarzan
98%
Th Prncss Nd Th Frg The Princess And The Frog
97%
Rlph Brks Th Ntrnt Ralph Breaks The Internet
94%
N Hndrd Nd N Dlmtns One Hundred And One Dalmatians
90%
Pchnts Pocahontas
90%
Lc N Wndrlnd Alice In Wonderland
88%
Th Blck Cldrn The Black Cauldron
87%
Th Rscrs Dwn Ndr The Rescuers Down Under
66%
Tlnts: Th Lst Mpr Atlantis: The Lost Empire
48%
Hm N Th Rng Home On The Range
40%
Fn Nd Fncy Fr Fun And Fancy Free
37%
No matching quizzes found
Score Distribution
Percent of People with Each Score
Percentile by Number Answered
Your Score History
You have not taken this quiz